000 00337nam a2200121Ia 4500
008 220204s9999 xx 000 0 und d
082 _a330.101.54(06)
_bHAR
245 0 _aMicroeconomic foundations of macroeconomics: Proceedings
260 _aLondon
_bMacmillan
_c1977
650 _aMacroeconomics
700 _aHARCOURT, G C
942 _cBK
999 _c28205
_d28205